000 00603nam a2200205Ia 4500
003 OSt
005 20250930093822.0
008 210210b1980 xxu||||| |||| 00| 0 eng d
040 _cAL
041 _aKannada
082 _a398.2K MULY
100 _aMULIYA MAHABALA BHATTA.
_dಮುಳಿಯ ಮಹಾಬಲ ಭಟ್ಟ
_9240731
245 _aYakshagana makaranda.
_bಯಕ್ಷಗಾನ ಮಕರಂದ
260 _aMangaluru.
_bPolali Shastri Smaraka Samiti.,
_c1980
300 _axi,2,605
650 _aYakshagana
_9240732
690 _aYakshagana
_9240732
906 _a035021
942 _2ddc
_cBK
999 _c85648
_d85648